4 Letter Word Chain Game #2 - Statistics

General Stats
  • This quiz has been taken 150 times
  • The average score is 13 of 15
Answer Stats
Hint Answer % Correct
Kanye's last name, compass direction West
100%
You must do this to a car door in order to enter/exit Open
95%
Compass direction East
94%
A person who is ____ is often referred to as a couch potato Lazy
94%
Not far Near
94%
Flower that is a symbol of love Rose
94%
Opposite of short Tall
93%
Counterpart to Yin Yang
93%
10 cent American coin Dime
88%
Tidy, organized Neat
88%
2,4,6,8... Even
87%
Au Gold
84%
A branch of the US Military Army
80%
Brass instrument Tuba
77%
Country Togo
76%
No matching quizzes found
Score Distribution
Percent of People with Each Score
Percentile by Number Answered
Your Score History
You have not taken this quiz